000 00838nam a22002417i 4500
005 20251229083623.0
008 250906s2025 jo ||||gr|||| 00| 0 ara d
020 _a9789923138120
040 _aJO-AmGAM
_erda
082 1 4 _a411.4
_bن و ب
100 1 _aالنوباني، شفيق طه
_eمؤلف.
245 1 2 _aالكتابة الأكاديمية من الإملاء إلى المنهج /
_cد. شفيق طه النوباني.
250 _aالطبعة الأولى.
264 3 1 _aعمان :
_bالآن ناشرون وموزعون،
_c2025.
300 _a159 صفحة.
336 _2rdacontent
_aنص
_btxt
337 _2rdamedia
_aدون وسيط عرض
_bn
338 _2rdacarrier
_aمجلد
_bnc
650 1 7 _aاللغة العربية.
650 1 7 _aفن الكتابة.
942 _2ddc
_cBK
999 _c247605
_d247605